| Tag |
First Indicator |
Second Indicator |
Subfields |
| LEADER |
00000cam a2200000 4500 |
| 001 |
in00000066068 |
| 005 |
20151008051242.0 |
| 008 |
721204s1948 ilu b 00000 eng u |
| 010 |
|
|
|a 48004277
|
| 035 |
|
|
|a (OCoLC)00506416
|
| 035 |
|
|
|9 AAG6770AM
|
| 040 |
|
|
|c WSU
|d TXA
|d UtOrBLW
|
| 049 |
|
|
|a TXAM
|c [164887]
|
| 050 |
|
0 |
|a JX1954
|b .C576 1948
|
| 092 |
|
|
|a 341.1
|b C734p
|
| 110 |
2 |
|
|a Committee to Frame a World Constitution.
|
| 245 |
1 |
0 |
|a Preliminary draft of a world constitution /
|c as proposed and signed by Robert M. Hutchins [and others].
|
| 264 |
|
1 |
|a Chicago :
|b Univ. of Chicago Press,
|c [1948]
|
| 300 |
|
|
|a 91 pages
|
| 336 |
|
|
|a text
|b txt
|2 rdacontent
|
| 337 |
|
|
|a unmediated
|b n
|2 rdamedia
|
| 338 |
|
|
|a volume
|b nc
|2 rdacarrier
|
| 650 |
|
0 |
|a International organization.
|
| 740 |
2 |
|
|a A world constitution.
|
| 999 |
|
|
|a MARS
|
| 999 |
f |
f |
|s 34c68169-91bf-31c6-847a-746027f0a7d2
|i 9acadb77-903f-38f9-972a-f16b3685404d
|t 0
|
| 952 |
f |
f |
|p ric
|a Texas A&M University
|b Rellis Campus
|c Joint Library Facility
|d Remote Storage
|t 0
|e JX1954 .C576 1948
|h Library of Congress classification
|i unmediated -- volume
|m A14800782015
|
| 998 |
f |
f |
|a JX1954 .C576 1948
|t 0
|l Remote Storage
|